| 000 | 00392pab a2200157 454500 | ||
|---|---|---|---|
| 008 | 180718b2008 xxu||||| |||| 00| 0 eng d | ||
| 100 | _aBudzinski, Oliver | ||
| 245 | _aMonoculture versus diversity in competition economics | ||
| 260 | _c2008 | ||
| 300 | _ap.295-324. | ||
| 362 | _aMar | ||
| 650 | _aEconomics | ||
| 773 | _aCambridge Journal of Economics | ||
| 908 | _aN | ||
| 909 | _a78505 | ||
| 999 |
_c78505 _d78505 |
||